Mississippi Geography Quiz - Sudden Death - Statistics

General Stats
  • This quiz has been taken 131 times
  • The average score is 13 of 20
Answers on the Grid
Answers color-coded by a green-red scale on the quiz's grid according to % correct below.
Abilene
Appalachian Mountains
Bienville
National Forest
Biloxi
Cape Cod
Chesapeake Bay
Congaree
National Park
Great Bend
National Park
Great Smoky Mountains
National Park
Gulf Islands
National Seashore
Gulf of Mexico
Gulfport
Hattiesburg
Hot Springs
National Park
Illinois River
Jackson
Key West
Lake Okeechobee
Laurel
Meridian
Mississippi River
Mobile
Natchez Trace
Outer Banks
Oxford
Ozark Mountains
Pascagoula
Pearl River
Pensacola
Pigeon Forge
Rio Grande
Shiloh National
Military Park
Tallahassee
Texarkana
Tupelo
Tuscaloosa
Vicksburg National
Military Park
Woodall Mountain
Yazoo City
Yazoo River
 
Answer Stats
Answer % Correct
Jackson
88%
Biloxi
84%
Mississippi River
80%
Gulf of Mexico
77%
Gulfport
77%
Hattiesburg
77%
Natchez Trace
71%
Oxford
71%
Laurel
70%
Tupelo
70%
Vicksburg National
Military Park
70%
Yazoo City
66%
Gulf Islands
National Seashore
64%
Yazoo River
64%
Pascagoula
63%
Meridian
59%
Pearl River
57%
Bienville
National Forest
55%
Woodall Mountain
48%
Shiloh National
Military Park
38%
No matching quizzes found
Score Distribution
Percent of People with Each Score
Percentile by Number Answered
Your Score History
You have not taken this quiz